000 00231nam a2200085Ia 4500
245 0 _aPopo and Thulo's big plan
100 _a SECHELE, Kopano Cambridge, 2009
_984760
942 _cBK
008 210819s9999 xx 000 0 und d
999 _c312349
_d312348